MDQL
is popping MORE tags! Check the
thread
!
Quizzes
Events
Quiz Creation
Community
Videos
Private Events
Remove Ads
Sign In
Join for FREE
Feedback
Dark Mode
Quiz Categories
Sports
Geography
Music
Movies
Television
Just For Fun
Miscellaneous
History
Literature
Language
Science
Gaming
Entertainment
Religion
Holiday
For Kids
Quiz Lab
Recent
Popular Today
Quiz Kudos Today
Editor Picks
Curator Picks
Quizzes by...
Day
Popularity
Type
Ratings
Length
Year
Community
Subscriptions
Recent Discussions
Orange Saloon
Badges
Playlists
Quests
Create
Leaderboards
Showdown
Live 5
Trivia Bingo
Activity
Puzzle Library
Sporcle Events
Private Events
Virtual Trivia
Globe League
Become a Host
Pub Owners
SporcleCon
Opinionation
Our Games
Videos
Blog
Mobile Apps
Partnerships
Remove Ads and Go Orange
Feedback
Geography
Country
Landmarks
City
State
Population
World
Capital
Continent
Flags
Europe
Africa
Asia
South America
North America
Oceania
Border
Canada
United Kingdom
Topography
United States
Geography
Country
Landmarks
City
State
Population
World
Capital
Continent
Flags
Europe
Africa
Asia
South America
North America
Oceania
Border
Canada
United Kingdom
Topography
United States
Random Quiz
Search Sporcle
×
Quiz Lab
Quiz Lab
Geography
World
Type in answers that appear in a list
Type in answers that appear in a list
Classic
Best Score? Go Orange.
50 Fattest Countries Stats
Can you name the 50 fattest countries in the world?
By
XCBoss
10m
50 Questions
3,434 Plays
3,434 Plays
3,434 Plays
Comments
Comments
Give Quiz Kudos
Give Quiz Kudos
-
- Ratings
hide this ad
More Info
Replay
Link that replays current quiz
Next Quiz
Link to next quiz in quiz playlist
You Got
0%
They Got
Avg Score
49%
Avg Friend Score
Upgrade to see
Score Distribution
Jump to the score distribution portion of the page
Score
0/50
Timer
10:00
0
Plays Today
Rank
Country
% Correct
7.
United States
99%
26.
United Kingdom
92.5%
33.
Canada
88.7%
17.
Mexico
87.3%
41.
Germany
81%
19.
Australia
80.3%
15.
New Zealand
71%
11.
Argentina
65.3%
14.
Greece
59.6%
21.
Chile
59.5%
4.
American Samoa
58.4%
27.
Saudi Arabia
56%
44.
Peru
54.9%
40.
Cuba
54%
12.
Egypt
53.9%
16.
United Arab Emirates
52.7%
48.
Israel
50.9%
47.
Jamaica
49.8%
1.
Nauru
49.7%
3.
Tonga
49.4%
50.
Austria
49.3%
46.
Finland
47.8%
22.
Venezuela
47.2%
35.
Uruguay
46.4%
38.
Iceland
45.4%
Rank
Country
% Correct
34.
Qatar
45.2%
5.
Palau
44.6%
6.
Kuwait
43.2%
29.
Bolivia
42.8%
37.
Bahamas
42.8%
9.
Dominica
42.7%
2.
Federated States of Micronesia
42.5%
8.
Kiribati
41.8%
45.
Vanuatu
41.7%
28.
Monaco
40.7%
10.
Barbados
39.1%
31.
Guatemala
38.6%
24.
Bahrain
37.6%
36.
Jordan
37.6%
18.
Trinidad and Tobago
36.4%
25.
Andorra
36.2%
13.
Malta
35.5%
30.
San Marino
34.5%
39.
Nicaragua
34.3%
32.
Mongolia
30.1%
43.
Slovenia
30.1%
20.
Belarus
28.6%
49
Saint Lucia
24.4%
42.
Brunei
23.8%
23.
Seychelles
22.7%
Quiz Playlist
Details
Report
Send in Message
Add To Playlist
More Info:
Can you name the 50 fattest countries in the world by the percent of citizens over fifteen who are overweight?
Classic:
Type in answers that appear in a list
Quiz Source
Last Updated: Apr 3, 2018
Quiz Scoreboard
CHALLENGE
Sign Up to Join the Scoreboard
Show All
Scores
Hide
Comments
May contain spoilers
Recently Published
Find the 'City' Movie
by crazypaving
Movies
60s
5x2 Blitz: Bands
by SL_Kpop136
Music
30s
Colored Red Africa Blitz
by spor1
Geography
30s
More to Explore
Quiz From the Vault
Featured Blog Post
14 Easter Pick-up Lines to Find Eggs With
hide this ad
You Might Also Like...
Tags
Country Quiz
World Quiz
fattest
Overweight
Today's Top Quizzes in Geography
Browse Geography
hide this ad
Today's Top Quizzes in World
Browse World
Top Contributed Quizzes in Geography
1
Colored Red Europe Blitz I
2
Countries of the World - No Outlines Minefield
3
Colored Red Africa Blitz II
4
Colored Red Europe Blitz II
5
Colored Red Europe Blitz III
6
Colored Red Africa Blitz III
7
Colored Red States Blitz I
8
Colored Red States Blitz II
9
Lietuvos savivaldybės (Lithuanian Municipalities)
10
A Different View: World Oceans
Explore More
Trending Topics
NBA
Harry Potter
Kpop
Crossword
Disney
Anime
Marvel
Soccer
Puzzle
Pokémon
WWE
The Office
Country
NFL
Song
hide this ad
More By:
XCBoss
Quiz
Plays
Rating
Category
Featured
Created
Vowel-less Book Titles
215,695
4.45
Literature
Jun 15, 2010
Add an 'A'
98,619
4.17
Language
Oct 2, 2010
Vowel-less Book Titles II
73,852
4.27
Literature
Jul 29, 2010
Movie Cryptogram
62,936
4.45
Movies
Aug 3, 2010
50 Fattest Countries
3,434
3.48
Geography
Jun 16, 2010
Go to Creator's Profile
Score Distribution
Quiz Creator Spotlight
XCBoss
Follow
Send a Message
Quizzes Created
-
Created Quiz Play Count
-
More By This Creator
Popular Quizzes Today
1
Colored Red Africa Blitz
2
Find the 'City' Movie
3
Find the US States - No Outlines Minefield
4
5x2 Blitz: Bands
5
The Countries of the World
6
Find the US States
7
US States
8
Find the Countries of Europe - No Outlines Minefield
More Geography Quizzes
The Netherlands cities over 100k
Editor's Pick
Trending Quizzes
Colored Red Europe Blitz I
Colored Red Africa Blitz II
Colored Red Europe Blitz II
Colored Red Europe Blitz III
Colored Red Africa Blitz III
Recently Updated
How Do You Spell That?
pecheneg
Godzilla Movies
pecheneg
Grab Bag: 4-10 Letters
pecheneg
2024 March Madness Bracket
pecheneg
Famous TV Couples
Peacemaker
Champions League XIs: Real Madrid
pecheneg
Largest US Cities 1790-2010
pecheneg
Rides in Walt Disney World
pecheneg
Most Oscar Losses (Acting)
pecheneg
Beyoncé Albums
pecheneg
Trending Topics
Marvel
Harry Potter
Kpop
Disney
Anime
NBA
Crossword
Puzzle
The Office
Country
WWE
Pokémon
NFL
Soccer
Song
Your Account Isn't Verified!
In order to create a playlist on Sporcle, you need to verify the email address you used during registration. Go to your
Sporcle Settings
to finish the process.
Report this User
Report this user for behavior that violates our
Community Guidelines
.
Details:
Send Report
Go to the Sporcle.com Mobile Site →
Comments